{"text_format":"3","workbook":"xlsx","n_sheets":1,"sheets":["Предмет"],"not_rendered":{"defined_names":8},"read":"whole","date_system":"1900"}

{"sheet":"Предмет","index":0,"n_rows":44,"n_cols":16,"rows_kept":44}
["№","СНИЛС","Фамилия","Имя","Отчество","Пол","Дата рождения","Участник с ОВЗ","Класс","Класс участия","Балл","Макс. Балл","Статус","Призер МЭ прошлого года","Учитель","Место работы учителя"]
[1,2,3,4,5,6,7,8,9,10,11,12,13,14,15,16]
[1,17493373908,"Галяутдинова ","Лия ","Айратовна","ж","2012-12-09",null,7,7,35,80,"участник","нет","Протасевич П.А.","МБОУ \"Школа №22 - Центр образования\""]
[2,17275528693,"Гараева ","Азалия ","Ильнуровна","ж","2012-06-28",null,7,7,28,80,"участник","нет","Протасевич П.А.","МБОУ \"Школа №22 - Центр образования\""]
[3,17350364154,"Гатауллин ","Эрик ","Азатович","м","2012-08-29",null,7,7,44,80,"призер","нет","Протасевич П.А.","МБОУ \"Школа №22 - Центр образования\""]
[4,17166771492,"Гордеева","Вероника ","Сергеевна","ж","2012-04-17",null,7,7,4,80,"участник","нет","Протасевич П.А.","МБОУ \"Школа №22 - Центр образования\""]
[5,17379349619,"Ибатуллин ","Рузаль ","Александрович","м","2012-08-19",null,7,7,43,80,"призер","нет","Каримов И.Р.","МБОУ \"Школа №22 - Центр образования\""]
[6,16890225898,"Касимов ","Адель ","Альбертович","м","2011-11-01",null,7,7,56,80,"призер","нет","Каримов И.Р.","МБОУ \"Школа №22 - Центр образования\""]
[7,17297910712,"Пьянков ","Кирилл ","Леонидович","м","2012-07-21",null,7,7,16,80,"участник","нет","Каримов И.Р.","МБОУ \"Школа №22 - Центр образования\""]
[8,17274573996,"Трифонова ","Дарина ","Алексеевна","ж","2012-07-06",null,7,7,34,80,"участник","нет","Каримов И.Р.","МБОУ \"Школа №22 - Центр образования\""]
[9,17576355714,"Хашимова ","Аниса ","Азимджоновна","ж","2012-02-22",null,7,7,71,80,"победитель","нет","Каримов И.Р.","МБОУ \"Школа №22 - Центр образования\""]
[10,17149239988,"Шарафутдинов ","Артем ","Эдуардович","м","2012-03-16",null,7,7,45,80,"призер","нет","Каримов И.Р.","МБОУ \"Школа №22 - Центр образования\""]
[11,17385569114,"Якубова ","Зарина ","Аюбджоновна","ж","2012-09-13",null,7,7,53,80,"призер","нет","Каримов И.Р.","МБОУ \"Школа №22 - Центр образования\""]
[12,17099470000,"Марданова ","Алина ","Ильшатовна","ж","2012-03-04",null,7,7,38,80,"участник","нет","Каримов И.Р.","МБОУ \"Школа №22 - Центр образования\""]
[13,16653756805,"Левицков ","Кирилл ","Александрович","м","2011-06-04",null,8,8,33,100,"участник","нет","Протасевич П.А.","МБОУ \"Школа №22 - Центр образования\""]
[14,17297898344,"Авксентьева ","Анна ","Валерьевна","ж","2012-07-20",null,7,9,14,100,"участник","нет","Каримов И.Р.","МБОУ \"Школа №22 - Центр образования\""]
[15,16334185861,"Вагизова ","Милена","Маратовна","ж","2010-06-23",null,9,9,51,100,"призер","нет","Каримов И.Р.","МБОУ \"Школа №22 - Центр образования\""]
[16,17161140836,"Веселова ","Елена ","Сергеевна","ж","2009-12-30",null,9,9,38,100,"участник","нет","Каримов И.Р.","МБОУ \"Школа №22 - Центр образования\""]
[17,16871543097,"Гизатуллина ","Элина","Рамильевна","ж","2010-09-08",null,9,9,38,100,"участник","нет","Каримов И.Р.","МБОУ \"Школа №22 - Центр образования\""]
[18,17273039668,"Гоголева","Арина","Денисовна","ж","2009-10-25",null,9,9,56,100,"призер","нет","Каримов И.Р.","МБОУ \"Школа №22 - Центр образования\""]
[19,16217761968,"Гришин ","Кирилл ","Александрович","М","2010-01-28",null,9,9,43,100,"участник","нет","Каримов И.Р.","МБОУ \"Школа №22 - Центр образования\""]
[20,20607365236,"Джонаков","Хайдарали","Сухробович","М","2008-08-08",null,9,9,32,100,"участник","нет","Каримов И.Р.","МБОУ \"Школа №22 - Центр образования\""]
[21,17358190793,"Елисеев ","Григорий ","Александрович","М","2010-08-21",null,9,9,81,100,"победитель","нет","Протасевич П.А.","МБОУ \"Школа №22 - Центр образования\""]
[22,10877397296,"Ефимова ","Елизавета ","Артуровна","Ж","2010-06-14",null,9,9,72,100,"призер","нет","Протасевич П.А.","МБОУ \"Школа №22 - Центр образования\""]
[23,15802152239,"Козловская ","Софья ","Сергеевна","Ж","2010-03-02",null,9,9,54,100,"призер","нет","Каримов И.Р.","МБОУ \"Школа №22 - Центр образования\""]
[24,16063408039,"Кравченко ","Антон ","Алексеевич","М","2010-06-02",null,9,9,46,100,"участник","нет","Каримов И.Р.","МБОУ \"Школа №22 - Центр образования\""]
[25,18576335615,"Ларионов ","Денис ","Александрович","М","2010-07-04",null,9,9,51,100,"призер","нет","Каримов И.Р.","МБОУ \"Школа №22 - Центр образования\""]
[26,15823039563,"Мавлетшина ","Алия ","Рафаиловна","Ж","2009-12-18",null,9,9,62,100,"призер","нет","Протасевич П.А.","МБОУ \"Школа №22 - Центр образования\""]
[27,15889344836,"Марсутдинова ","Амина ","Фаритовна","Ж","2010-02-14",null,9,9,71,100,"призер","нет","Протасевич П.А.","МБОУ \"Школа №22 - Центр образования\""]
[28,16231189140,"Морозов ","Дмитрий ","Константинович","М","2010-09-29",null,9,9,39,100,"участник","нет","Протасевич П.А.","МБОУ \"Школа №22 - Центр образования\""]
[29,17373106361,"Рыжов ","Дмитрий ","Михайлович","М","2012-09-10",null,7,9,19,100,"участник","нет","Каримов И.Р.","МБОУ \"Школа №22 - Центр образования\""]
[30,16158093268,"Сединина","Анэлия","Владиславовна","Ж","2010-04-14",null,9,9,71,100,"призер","нет","Протасевич П.А.","МБОУ \"Школа №22 - Центр образования\""]
[31,16549556410,"Фасхутдинов ","Артур ","Тимурович","М","2011-04-12",null,9,9,24,100,"участник","нет","Каримов И.Р.","МБОУ \"Школа №22 - Центр образования\""]
[32,16256874192,"Воронина","София ","Андреевна","Ж","2009-11-30",null,10,10,34,100,"участник","нет","Протасевич П.А.","МБОУ \"Школа №22 - Центр образования\""]
[33,16387554911,"Галяутдинова ","Алина ","Айратовна","Ж","2009-06-30",null,10,10,21,100,"участник","нет","Протасевич П.А.","МБОУ \"Школа №22 - Центр образования\""]
[34,16794755031,"Гарифуллин ","Булат ","Ильшатович","М","2009-01-12",null,10,10,79,100,"победитель","нет","Протасевич П.А.","МБОУ \"Школа №22 - Центр образования\""]
[35,16021870632,"Закиров ","Равиль ","Радифович","М","08.11.2009",null,10,10,49,100,"участник","нет","Протасевич П.А.","МБОУ \"Школа №22 - Центр образования\""]
[36,16906996326,"Кропотов ","Сергей ","Денисович","М","06.10.2009",null,10,10,40,100,"участник","нет","Протасевич П.А.","МБОУ \"Школа №22 - Центр образования\""]
[37,15847254902,"Макарчева ","Дарина ","Денисовна","Ж","2009-08-16",null,10,10,19,100,"участник","нет","Протасевич П.А.","МБОУ \"Школа №22 - Центр образования\""]
[38,17072835471,"Никитина ","Анастасия","Станиславовна","Ж","2009-09-05",null,10,10,25,100,"участник","нет","Протасевич П.А.","МБОУ \"Школа №22 - Центр образования\""]
[39,16396689329,"Галеев ","Искандер","Ленарович","М","2008-10-25",null,10,10,28,100,"участник","нет","Протасевич П.А.","МБОУ \"Школа №22 - Центр образования\""]
[40,19924083307,"Абдулина ","Альмира ","Махмудовна","Ж","06.06.2008",null,11,11,28,100,"участник","нет","Протасевич П.А.","МБОУ \"Школа №22 - Центр образования\""]
[41,16108245033,"Бирюков ","Максим ","Артемович","М","2008-07-10",null,11,11,56,100,"победитель","нет","Протасевич П.А.","МБОУ \"Школа №22 - Центр образования\""]
[42,16549556410,"Фасхутдинов ","Артур ","Тимурович","М","2011-04-12",null,9,11,36,100,"участник","нет","Каримов И.Р.","МБОУ \"Школа №22 - Центр образования\""]